00596nam a2200181Ia 4500008004100000020001500041040001800056041000800074100002700082245005800109260005900167300003500226490005100261504002700312650002900339650001700368650002900385130821s2005 ck a gr spa  a958820030x aCo-BoUCMbspa00aspa1 aSanchez Lozano, Carlos11a¿Cómo tener ortografía?cCarlos Sánchez Lozano aBogotá (Colombia)bUniversidad Sergio Arboledac2005 a132 páginasbcuadros, tablas aColección Programa de Lectura y Escriturav2 aIncluye bibliografía04aLingüística aplicada04aOrtografía04aTeoría lingüística